000 00988nam a2200241 a 4500
001 39301
003 BD-RjUL
005 20211209052948.0
008 160407r20141986ii ||||e |||| 00| 0 ben d
020 _a8170665760:
_cTK.440.00
035 _a(BD-RjUL) 39414
040 _aBD-RjUL
_bben
_cBD-RjUL
041 _aben
082 _223
_a891.441
_bSEN 2014
100 _aসেন, প্রবোধচন্দ্র
_9118302
245 1 0 _aনূতন ছন্দ-পরিক্রমা /
_cপ্রবোধচন্দ্র সেন
260 _aকলকাতা :
_bআনন্দ পাবলিশার্স প্রাইভেট লিমিটেড,
_c১৯৮৬ [ চতুর্দশ মুদ্রণ ২০১৪ ]
300 _a৩২৩ পৃ. ;
_c২২ সেমি.
504 _aগ্রন্থপঞ্জি সংযুক্ত
650 _aবাংলা কবিতা
_9121157
650 _aBengali poetry
_9121158
942 _2ddc
_cBK
999 _c39301
_d39301